La historia del arte
Gespeichert in:
| 1. Verfasser: | |
|---|---|
| Format: | Buch |
| Sprache: | Spanisch |
| Veröffentlicht: |
Madrid
Debate
1997
|
| Schlagworte: | |
| Tags: |
Tag hinzufügen
Keine Tags, Fügen Sie den ersten Tag hinzu!
|
MARC
| LEADER | 00000nam a2200000 a 4500 | ||
|---|---|---|---|
| 001 | UCP6267 | ||
| 003 | CL-VaPUC | ||
| 008 | 991021e19970000SP |||||||||||||||||spa|d | ||
| 082 | 0 | 4 | |a 700.9 |b GOM |2 21 |
| 100 | |a Gombrich, Ernst Hans |e autor |9 598146 | ||
| 245 | 1 | 3 | |a La historia del arte |
| 300 | |a 688 p | ||
| 942 | |c BK | ||
| 945 | |d 19991021 00:00:00 |a rbrito | ||
| 260 | |a Madrid |b Debate |c 1997 | ||
| 650 | 0 | |a Arte |9 265238 | |
| 650 | 0 | |a Historia |9 255047 | |
| 650 | 0 | |a Bellas artes |9 334299 | |
| 650 | 0 | |a Pintura |9 265046 | |
| 650 | 0 | |a Arquitectura |9 804558 | |
| 650 | 0 | |a Escultura |9 265737 | |
| 583 | |a last modification |c 19991021 00:00:00 |k Rodrigo Vera | ||
| 999 | |c 283866 |d 283864 | ||
| 952 | |0 0 |1 0 |4 0 |6 700_900000000000000_GOM_1997 |7 0 |8 F |9 327377 |a BIBEDU |b BIBEDU |d 2019-11-20 |i 3573052 |o 700.9 GOM 1997 |p 3573052 |r 2022-01-17 |w 2019-11-20 |y BK_F |k MUS | ||